Health and safety (Record no. 76939)

MARC details
000 -LEADER
fixed length control field 01105cab a2200205 4500
001 - CONTROL NUMBER
control field ##L133336
008 - FIXED-LENGTH DATA ELEMENTS--GENERAL INFORMATION
fixed length control field 060503n2006 000 0 eng u
035 ## - SYSTEM CONTROL NUMBER
System control number (Sirsi) u133336
041 0# - LANGUAGE CODE
Language code of text/sound track or separate title eng
100 1# - MAIN ENTRY--PERSONAL NAME
Personal name Fidderman, Howard
245 00 - TITLE STATEMENT
Title Health and safety
Remainder of title the state of play
260 ## - PUBLICATION, DISTRIBUTION, ETC.
Date of publication, distribution, etc. 2006
490 #0 - SERIES STATEMENT
Series statement Health and Safety Bulletin
Volume/sequential designation 348 May 2006, 6-20(15)
520 ## - SUMMARY, ETC.
Summary, etc. Reviews all HSC/E activity and other important developments from November 2005 to April 2006. During this period a number of sets of regulations came into force, including the Control of Noise at Work Regulations 2005, whilst the HSE has confirmed that the new Construction (Design and Management) Regulations will not come into force until April 2007. The tables summarise the current health and safety situation in a number of areas, including asbestos, construction, legislation, and corporate social responsibility.
590 ## - LOCAL NOTE (RLIN)
Local note IKA090506
650 24 - SUBJECT ADDED ENTRY--TOPICAL TERM
Topical term or geographic name entry element CONSTRUCTION (DESIGN AND MANAGEMENT) REGULATIONS 1994
650 24 - SUBJECT ADDED ENTRY--TOPICAL TERM
Topical term or geographic name entry element CONTROL OF NOISE AT WORK REGULATIONS 2005
690 ## - LOCAL SUBJECT ADDED ENTRY--TOPICAL TERM (OCLC, RLIN)
Topical term or geographic name as entry element Health and safety
9 (RLIN) 6244
942 ## - ADDED ENTRY ELEMENTS (KOHA)
Suppress in OPAC 0
Holdings
Withdrawn status Lost status Source of classification or shelving scheme Damaged status Not for loan Home library Current library Shelving location Date acquired Total Checkouts Full call number Barcode Date last seen Copy number Price effective from Koha item type
    Dewey Decimal Classification     London London Journal article 03/05/2006   L133336 133336-1001 06/08/2019 1 06/08/2019 Journal article